Problemática general de la iberización en el Valle del Ebro / por Antonio Beltrán
Descripción Física:
p. 197-209 ; 27 cm
Colección:
Monografies ; 57
Materias:
Ibers -- Ebre (Vall)
MARC
| LEADER | 00000nam a2200000Ia 4500 | ||
|---|---|---|---|
| 001 | 7823 | ||
| 008 | 160829s1976 - 1978 xx 000 0 cat d | ||
| 080 | |a FU-21-43 | ||
| 100 | |a Beltrán Martínez, Antonio |9 30036 | ||
| 245 | |a Problemática general de la iberización en el Valle del Ebro / por Antonio Beltrán | ||
| 260 | |a Barcelona : |b Diputació. Institut de Prehistòria i Arqueologia, |c 1976 - 1978 | ||
| 300 | |a p. 197-209 ; |c 27 cm | ||
| 490 | |a Monografies ; 57 | ||
| 590 | |a Separata d'Ampurias ; 38-40. | ||
| 590 | |a Simposi Internacional: Els orígens del món ibèric. Barcelona - Empúries, 1977 | ||
| 650 | |a Ibers |x Ebre (Vall) |9 30037 | ||
| 710 | 2 | |a Institut de Prehistòria i Arqueologia (Barcelona, Catalunya) |9 52785 | |
| 901 | |a Arxiu | ||
| 942 | |n 1 | ||
| 952 | |0 0 |1 0 |4 0 |6 FU2143 |7 1 |9 45228 |a Arxiu |b Arxiu |d 2016-12-01 |l 0 |o FU-21-43 |p 7823 |r 2016-12-01 00:00:00 |w 2016-12-01 |y ARXIU | ||
| 999 | |c 48302 |d 48302 | ||